Mathematics education dialogues
Αποθηκεύτηκε σε:
| Συγγραφή απο Οργανισμό/Αρχή: | |
|---|---|
| Μορφή: | Περιοδική έκδοση |
| Γλώσσα: | English |
| Δημοσίευση: |
Reston, Va. :
National Council of Teachers of Mathematics,
1998-2000
|
| Θέματα: | |
| Ετικέτες: |
Προσθήκη ετικέτας
Δεν υπάρχουν, Καταχωρήστε ετικέτα πρώτοι!
|
MARC
| LEADER | 00000nas a2200000 i 4500 | ||
|---|---|---|---|
| 001 | 1/82449 | ||
| 008 | 080415d19982000us eng d | ||
| 035 | |l 10096668 | ||
| 040 | |a GR-MY-UA |b gre |e aacr | ||
| 041 | 0 | |a eng | |
| 082 | 0 | |a 510.7073 |2 (22) | |
| 110 | 2 | |a National Council of Teachers of Mathematics. | |
| 245 | 1 | 0 | |a Mathematics education dialogues |h [περιοδικό] / |c National Council of Teachers of Mathematics |
| 260 | |a Reston, Va. : |b National Council of Teachers of Mathematics, |c 1998-2000 | ||
| 300 | |a 3 τ.; |b εικ.; |c 28 εκ. | ||
| 310 | |a Άγνωστη | ||
| 500 | |a Συμπλήρωμα στο: NCTM news bulletin | ||
| 650 | 0 | 0 | |a Mathematics |x Study and teaching |x Periodicals. |
| 901 | |a BIBL4-2008-2 | ||
| 970 | |a ΚΟΖΑ |b ΜΑΡΙΑ |z 2008/04/15 | ||